000 00561nam a22001697a 4500
003 NUST
005 20260504164251.0
008 260504b ||||| |||| 00| 0 eng d
020 _a 978-9400760721
082 _a551.5
_bVIA
100 _a Vladimir M. Krasnopolsky.
_9134322
245 _aThe Application of Neural Networks in the Earth System Sciences /
_bNeural Networks Emulations for Complex Multidimensional Mappings /
_c Vladimir M. Krasnopolsky.
260 _bSpringer,
_c2013.
300 _a206 p ;
_c30.5 cm
563 _aHardcover
942 _2ddc
_cBK
999 _c617296
_d617296